00450cam a22001572 4500001001100000005001700011008004100028020001500069040001500084100003000099245004800129250001400177260004700191300001600238650003800254000000616220151217145830.0070920s xx 000 0 eng d a0131276778 aKABUcKABU1 aDessler,Gary.@000015755710aHuman resource management. /cGary Dessler. a10th ed. aUpper Saddle River, NJ. :bPearson,c2005. axxvii, 725. 0aPersonnel management.@0000150761